000 00660nam a2200205 u 4500
005 20210223131818.0
008 120910s1999 us r 000 0 spa d
020 _a1560657871
035 _aUPN01000186498
049 _aI
050 4 _aSF487.5
_bB7.6
100 1 _aBrady, Peter,
_d1944-
_933605
245 1 0 _aPollos /
_cPeter Brady ; tr. Martín Luis Guzmán Ferrer.
260 _aMinnesota, EUA :
_bBridgestone Books,
_c1999.
300 _a24 p. :
_bfots.
440 0 _aPrimeros lectores ciencias.
_pAnimales de la granja
650 4 _aANIMALES DOMESTICOS -
_vLITERATURA INFANTIL
_91347
650 4 _aANIMALES DOMESTICOS -
_xCRIA
_94740
905 _aInfantil
999 _c158601
_d158601